[Event "Titled Tuesday intern op 15th Aug Early"]
[Site "Chess.com INT"]
[Date "2023.08.15"]
[Round "10"]
[White "Kozelov, Roman"]
[Black "Yelisieiev, Yevhenii"]
[Result "0-1"]
[WhiteElo "2089"]
[BlackElo "2401"]
[PlyCount "110"]
[EventDate "2023.08.15"]
[EventType "swiss (blitz)"]
[EventRounds "11"]
[EventCountry "USA"]
[SourceTitle "EXT 2024"]
[Source "ChessBase"]
[SourceDate "2023.10.10"]
[SourceVersion "1"]
[SourceVersionDate "2023.10.10"]
[SourceQuality "1"]

1. e4 d6 2. d4 Nf6 3. Nc3 e5 4. dxe5 dxe5 5. Qxd8+ Kxd8 6. Bg5 c6 7. Nf3 Nbd7 8. 0-0-0 Kc7 9. Bc4 Ng4 10. Bh4 f6 11. h3 Nh6 12. Ne1 b5 13. Bb3 Nc5 14. Nd3 a5 15. a4 Nxb3+ 16. cxb3 bxa4 17. Nxa4 Nf7 18. Bg3 Rb8 19. Ndc5 Rb5 20. Nd3 Rxb3 21. f4 Bd6 22. fxe5 Nxe5 23. Bxe5 fxe5 24. Rhf1 Rd8 25. Nac5 Rb5 26. Rf7+ Kb8 27. Na4 Bf8 28. Nf2 Rxd1+ 29. Nxd1 Bd6 30. Rxg7 Rb7 31. Rg8 Kc7 32. Ne3 Be6 33. Rh8 Rb4 34. Rxh7+ Kb8 35. Nc3 Bc5 36. Nf5 a4 37. Rh6 Bd7 38. Rh7 Kc8 39. Ne7+ Kd8 40. Ng6 Bd4 41. Rh5 a3 42. bxa3 Rc4 43. Nxe5 Rxc3+ 44. Kd2 Bxe5 45. Rxe5 Rg3 46. Ra5 Rxg2+ 47. Kd3 Rg3+ 48. Kd4 Rxh3 49. Ra7 Ke7 50. a4 Ra3 51. a5 Kd6 52. e5+ Ke6 53. a6 Ra5 54. Ra8 c5+ 55. Kc4 Bc6 0-1

[Event "Titled Tuesday intern op 04th Jul Late"]
[Site "Chess.com INT"]
[Date "2023.07.04"]
[Round "6"]
[White "Yeritsyan, Hayk"]
[Black "Kozelov, Roman"]
[Result "1-0"]
[WhiteElo "2181"]
[BlackElo "2089"]
[PlyCount "33"]
[EventDate "2023.07.04"]
[EventType "swiss (blitz)"]
[EventRounds "11"]
[EventCountry "USA"]
[SourceTitle "EXT 2024"]
[Source "ChessBase"]
[SourceDate "2023.10.10"]
[SourceVersion "1"]
[SourceVersionDate "2023.10.10"]
[SourceQuality "1"]

1. d4 d5 2. Nf3 Nf6 3. e3 e6 4. Bd3 Bd6 5. Nbd2 Nbd7 6. Qe2 c5 7. c3 0-0 8. e4 e5 9. dxe5 Nxe5 10. Nxe5 Bxe5 11. 0-0 dxe4 12. Nxe4 Nxe4 13. Qxe4 g6 14. Qxe5 Qxd3 15. Bh6 f6 16. Qe7 Qd7 17. Qxf8# 1-0

[Event "Titled Tuesday intern op 02nd May Early"]
[Site "Chess.com INT"]
[Date "2023.05.02"]
[Round "5"]
[White "Petr, Jan1111"]
[Black "Kozelov, Roman"]
[Result "0-1"]
[WhiteElo "2282"]
[BlackElo "2089"]
[PlyCount "84"]
[EventDate "2023.05.02"]
[EventType "swiss (blitz)"]
[EventRounds "11"]
[EventCountry "USA"]
[SourceTitle "EXT 2024"]
[Source "ChessBase"]
[SourceDate "2023.10.10"]
[SourceVersion "1"]
[SourceVersionDate "2023.10.10"]
[SourceQuality "1"]

1. e4 e6 2. d4 d5 3. Nd2 c5 4. Ngf3 Nf6 5. e5 Ng8 6. c3 Nc6 7. Bd3 cxd4 8. cxd4 Nge7 9. 0-0 Bd7 10. a3 Qb6 11. Re1 Nxd4 12. Nxd4 Qxd4 13. Nf3 Qg4 14. h3 Qa4 15. b3 Qa5 16. b4 Qd8 17. Bg5 h6 18. Bh4 Qb6 19. Rc1 Nc6 20. Nh2 a5 21. b5 Nd4 22. a4 Bb4 23. Re3 Nf5 24. Bxf5 exf5 25. Qxd5 Be6 26. Qd1 0-0 27. Qh5 Bd2 28. Rg3 f4 29. Rg4 Bxg4 30. Nxg4 Qg6 31. Qxg6 fxg6 32. Rc2 Bb4 33. f3 Rac8 34. Re2 g5 35. Bf2 h5 36. Nh2 Rc1+ 37. Nf1 Rd8 38. Bb6 Rdd1 39. Rf2 Kf7 40. Bd8 Bc5 41. Bxg5 Rxf1+ 42. Kh2 Rh1# 0-1

[Event "Titled Tuesday intern op 28th Mar Early"]
[Site "Chess.com INT"]
[Date "2023.03.28"]
[Round "7"]
[White "Winkels, Marcel"]
[Black "Kozelov, Roman"]
[Result "1-0"]
[WhiteElo "1949"]
[BlackElo "2083"]
[PlyCount "59"]
[EventDate "2023.03.28"]
[EventType "swiss (blitz)"]
[EventRounds "11"]
[EventCountry "USA"]
[SourceTitle "EXT 2024"]
[Source "ChessBase"]
[SourceDate "2023.10.10"]
[SourceVersion "1"]
[SourceVersionDate "2023.10.10"]
[SourceQuality "1"]

1. d4 d5 2. Bf4 Nf6 3. e3 e6 4. Nf3 Bd6 5. Bg3 0-0 6. c3 c5 7. Nbd2 Nc6 8. Bd3 c4 9. Bc2 b5 10. 0-0 b4 11. e4 dxe4 12. Nxe4 Nxe4 13. Bxe4 Bb7 14. Qc2 h6 15. Rad1 Bxg3 16. hxg3 Rb8 17. Bxc6 Bxc6 18. Ne5 Bd5 19. cxb4 Rxb4 20. a3 Rb7 21. Nxc4 Qb8 22. Ne3 Rxb2 23. Qc5 Be4 24. d5 exd5 25. Nxd5 Qxg3 26. Ne3 Qg6 27. Rd4 Ba8 28. Qe5 h5 29. Rd6 f6 30. Qxb2 1-0

[Event "Saint Louis 1000 IM 1st"]
[Site "Saint Louis"]
[Date "2022.07.21"]
[Round "5"]
[White "Nyzhnyk, Illya"]
[Black "Kozelov, Roman"]
[Result "1-0"]
[WhiteElo "2686"]
[BlackElo "2104"]
[PlyCount "33"]
[EventDate "2022.07.19"]
[EventType "tourn"]
[EventRounds "9"]
[EventCountry "USA"]
[EventCategory "3"]
[SourceTitle "CBM 209 Extra"]
[Source "ChessBase"]
[SourceDate "2022.09.30"]
[SourceVersion "1"]
[SourceVersionDate "2022.09.30"]
[SourceQuality "1"]

1. d4 d5 2. c4 Nc6 3. Nf3 Bg4 4. Nc3 Nf6 5. Ne5 dxc4 6. Nxg4 Nxg4 7. d5 Nb8 8. Bf4 g5 9. Bxg5 Rg8 10. Bf4 Bg7 11. e4 Ne5 12. Qh5 Nd3+ 13. Bxd3 cxd3 14. Qxh7 Kf8 15. Rd1 Nd7 16. Rxd3 Nf6 17. Qh3 1-0

[Event "Titled Tuesday intern op 21st Jun Early"]
[Site "Chess.com INT"]
[Date "2022.06.21"]
[Round "1"]
[White "Kosteniuk, Alexandra"]
[Black "Kozelov, Roman"]
[Result "1-0"]
[WhiteElo "2510"]
[BlackElo "2098"]
[PlyCount "115"]
[EventDate "2022.06.21"]
[EventType "swiss (blitz)"]
[EventRounds "11"]
[EventCountry "USA"]
[SourceTitle "EXT 2023"]
[Source "ChessBase"]
[SourceDate "2022.10.05"]
[SourceVersion "1"]
[SourceVersionDate "2022.10.05"]
[SourceQuality "1"]

1. e4 e6 2. d4 d5 3. Nc3 Bb4 4. a3 Bxc3+ 5. bxc3 Ne7 6. Qg4 Kf8 7. e5 c5 8. h4 Qa5 9. Bd2 Qa4 10. Bd3 Nbc6 11. Nf3 c4 12. Be2 Qxc2 13. h5 h6 14. Nh4 b5 15. Bd1 Qe4+ 16. Qxe4 dxe4 17. Bc2 Bb7 18. Bxe4 Rb8 19. a4 Nxd4 20. cxd4 Bxe4 21. Bb4 bxa4 22. Rxa4 Rb7 23. Kd2 Ke8 24. Bxe7 Kxe7 25. Rha1 Ra8 26. Rxc4 a5 27. Rca4 Rb5 28. Nf3 Bc6 29. R4a3 a4 30. Kc3 Rab8 31. Nd2 Rb2 32. f3 R8b6 33. R1a2 Rxa2 34. Rxa2 Rb8 35. Ra3 Rb7 36. Nc4 Rb1 37. Nd6 Rg1 38. Ra2 Rh1 39. Kb4 Rxh5 40. Rc2 Bd7 41. Rc7 f6 42. Nc4 Rh2 43. Nb6 Rxg2 44. Rxd7+ Kf8 45. Rd8+ Kf7 46. Rd7+ Kg6 47. d5 exd5 48. e6 Re2 49. e7 Kf7 50. Nxd5 g5 51. Rd8 h5 52. Rf8+ Kg7 53. e8Q Rxe8 54. Rxe8 g4 55. fxg4 hxg4 56. Nf4 Kh6 57. Rg8 f5 58. Kxa4 1-0

[Event "Titled Tuesday intern op 21st Jun Early"]
[Site "Chess.com INT"]
[Date "2022.06.21"]
[Round "10"]
[White "Kozelov, Roman"]
[Black "Thiel, Thomas"]
[Result "1-0"]
[WhiteElo "2098"]
[BlackElo "2257"]
[PlyCount "79"]
[EventDate "2022.06.21"]
[EventType "swiss (blitz)"]
[EventRounds "11"]
[EventCountry "USA"]
[SourceTitle "EXT 2023"]
[Source "ChessBase"]
[SourceDate "2022.10.05"]
[SourceVersion "1"]
[SourceVersionDate "2022.10.05"]
[SourceQuality "1"]

1. e4 d5 2. exd5 Nf6 3. Nc3 Nxd5 4. Bc4 Nb6 5. Bb3 g6 6. Qf3 e6 7. d3 Bg7 8. Nge2 Nc6 9. 0-0 0-0 10. Qg3 a5 11. a3 a4 12. Ba2 Nd5 13. Nxd5 exd5 14. Bg5 Qd6 15. Bf4 Be5 16. Bxe5 Nxe5 17. f4 Nd7 18. f5 Qxg3 19. Nxg3 c6 20. d4 Nf6 21. Rae1 Bd7 22. fxg6 fxg6 23. c4 Rae8 24. Re5 Kg7 25. cxd5 Rxe5 26. dxe5 Nxd5 27. Rxf8 Kxf8 28. Bxd5 cxd5 29. Kf2 d4 30. Ne2 d3 31. Nf4 d2 32. Ke2 Bc6 33. g3 Ke7 34. Kxd2 b5 35. Ke3 g5 36. Nd3 Ke6 37. Kd4 Be8 38. Nc5+ Kf5 39. Nb7 Bf7 40. Nd6+ 1-0

[Event "Titled Tuesday intern op 22nd Feb Early"]
[Site "Chess.com INT"]
[Date "2022.02.22"]
[Round "2"]
[White "Kozelov, Roman"]
[Black "Murthy, Pappu LN"]
[Result "0-1"]
[WhiteElo "2120"]
[BlackElo "1901"]
[PlyCount "96"]
[EventDate "2022.02.22"]
[EventType "swiss (blitz)"]
[EventRounds "11"]
[EventCountry "USA"]
[SourceTitle "CBM 207 Extra"]
[Source "ChessBase"]
[SourceDate "2022.05.31"]
[SourceVersion "1"]
[SourceVersionDate "2022.05.31"]
[SourceQuality "1"]

1. e4 c5 2. f3 d6 3. Nc3 g6 4. Bc4 Bg7 5. Nge2 Nf6 6. 0-0 0-0 7. d4 cxd4 8. Nxd4 Nc6 9. Nxc6 bxc6 10. Be3 a6 11. Qd2 a5 12. Rad1 Ba6 13. Bxa6 Rxa6 14. e5 Nd5 15. Nxd5 cxd5 16. Qxd5 Bxe5 17. c3 Qa8 18. Qd3 Rb8 19. b3 a4 20. c4 axb3 21. axb3 Ra3 22. Rb1 Qb7 23. f4 Bg7 24. f5 Rxb3 25. Rxb3 Qxb3 26. Qe4 Bf6 27. fxg6 hxg6 28. h4 Rc8 29. Rc1 Kg7 30. Bg5 Qb6+ 31. Kh1 Bxg5 32. c5 Rxc5 33. Rxc5 Qxc5 34. hxg5 Qxg5 35. Qd4+ Qf6 36. Qd5 e5 37. Kh2 e4 38. Kh1 Qf1+ 39. Kh2 Qf4+ 40. Kh1 e3 41. Qd3 Qe5 42. Qe2 d5 43. g3 d4 44. Kg2 Qe4+ 45. Kh3 Qf5+ 46. g4 Qe4 47. Kh4 Qh1+ 48. Kg5 Qh6# 0-1

[Event "Titled Tuesday intern op 01st Feb-A"]
[Site "Chess.com INT"]
[Date "2022.02.01"]
[Round "4"]
[White "Kozelov, Roman"]
[Black "Daneshvar, Bardiya"]
[Result "0-1"]
[WhiteElo "2120"]
[BlackElo "2405"]
[PlyCount "58"]
[EventDate "2022.02.01"]
[EventType "swiss (blitz)"]
[EventRounds "11"]
[EventCountry "USA"]
[SourceTitle "CBM 206 Extra"]
[Source "ChessBase"]
[SourceDate "2022.03.31"]
[SourceVersion "1"]
[SourceVersionDate "2022.03.31"]
[SourceQuality "1"]

1. e4 Nf6 2. e5 Ng8 3. Bc4 d6 4. exd6 exd6 5. Nc3 c6 6. d4 d5 7. Bd3 Bd6 8. h3 Qf6 9. Nf3 h6 10. Be3 Ne7 11. Qd2 Bf5 12. 0-0-0 Nd7 13. Rhe1 0-0-0 14. Kb1 Kb8 15. Ne5 Bxd3 16. Nxd3 Nf5 17. Bf4 Nxd4 18. Bxd6+ Qxd6 19. Ne5 Nxe5 20. Qxd4 f6 21. Ne4 Qc7 22. Nc5 Rde8 23. f4 Nc4 24. Ne6 Qa5 25. b3 Na3+ 26. Kb2 Nb5 27. Qc5 b6 28. Qxc6 Rc8 29. Qxd5 Qc3+ 0-1

[Event "Titled Tuesday intern op 01st Feb-A"]
[Site "Chess.com INT"]
[Date "2022.02.01"]
[Round "3"]
[White "Van den Dikkenberg, Erik"]
[Black "Kozelov, Roman"]
[Result "0-1"]
[WhiteElo "2158"]
[BlackElo "2120"]
[PlyCount "90"]
[EventDate "2022.02.01"]
[EventType "swiss (blitz)"]
[EventRounds "11"]
[EventCountry "USA"]
[SourceTitle "CBM 206 Extra"]
[Source "ChessBase"]
[SourceDate "2022.03.31"]
[SourceVersion "1"]
[SourceVersionDate "2022.03.31"]
[SourceQuality "1"]

1. e4 e6 2. d4 d5 3. Nc3 Bb4 4. e5 c5 5. Bd2 Ne7 6. Nb5 0-0 7. Bxb4 cxb4 8. Bd3 Nbc6 9. Nf3 Bd7 10. Bxh7+ Kxh7 11. Ng5+ Kg6 12. Qg4 f5 13. exf6 Kxf6 14. Nh7+ Kf7 15. Nd6+ Kg8 16. Ng5 Rf6 17. Qh5 Rh6 18. Qf7+ Kh8 19. Nxb7 Qf8 20. Nd6 Nxd4 21. 0-0-0 Ndf5 22. Qxf8+ Rxf8 23. Ndf7+ Kg8 24. Nxh6+ gxh6 25. Nf3 Ng6 26. Rhe1 Nfh4 27. Nxh4 Nxh4 28. g3 Nf3 29. Re3 Nxh2 30. f4 Ng4 31. Rb3 a5 32. a3 Rb8 33. axb4 Ba4 34. Rc3 Rxb4 35. Rc7 Ne3 36. Rh1 Bxc2 37. Rxh6 Rc4 38. Kd2 Rxc7 39. Kxe3 Be4 40. Kd4 Kg7 41. Rh5 Bf5 42. Rg5+ Kf6 43. g4 Rc4+ 44. Ke3 Re4+ 45. Kf3 Bg6 0-1

[Event "Titled Tuesday intern op 18th May"]
[Site "Chess.com INT"]
[Date "2021.05.18"]
[Round "1"]
[White "Kozelov, Roman"]
[Black "Firat, Burak"]
[Result "0-1"]
[WhiteElo "2120"]
[BlackElo "2466"]
[PlyCount "60"]
[EventDate "2021.05.18"]
[EventType "swiss (blitz)"]
[EventRounds "11"]
[EventCountry "USA"]
[SourceTitle "CBM 202 Extra"]
[Source "ChessBase"]
[SourceDate "2021.07.31"]
[SourceVersion "1"]
[SourceVersionDate "2021.07.31"]
[SourceQuality "1"]

1. e4 c5 2. Nf3 d6 3. Bb5+ Nd7 4. a4 Ngf6 5. Nc3 e6 6. 0-0 Be7 7. d4 cxd4 8. Nxd4 0-0 9. a5 a6 10. Be2 Qc7 11. Be3 Ne5 12. f4 Nc4 13. Bxc4 Qxc4 14. e5 dxe5 15. fxe5 Nd5 16. Nxd5 Qxd5 17. Nf5 Qd8 18. Nxe7+ Qxe7 19. Qg4 Kh8 20. b4 Rg8 21. Bc5 Qe8 22. Ra3 Bd7 23. Rh3 f5 24. exf6 gxf6 25. Qh4 Qg6 26. Qxf6+ Qxf6 27. Rxf6 e5 28. Rf7 Bxh3 29. Bd6 Rxg2+ 30. Kh1 Re2 0-1